| 000 | 00334nam a2200121Ia 4500 | ||
|---|---|---|---|
| 008 | 150202s9999 xx 000 0 und d | ||
| 050 |
_aFIC _bFIC |
||
| 100 | _aBecker, Stephen. | ||
| 245 | 4 |
_aThe last mandarin / _cStephen Becker. |
|
| 260 |
_aNew York : _bBerkley Books, _c1979. |
||
| 300 |
_a294 pages : _c18 cm. |
||
| 650 | _aFiction. | ||
| 999 |
_c281850 _d281850 |
||